| 000 | 00658ntm a22002537a 4500 | ||
|---|---|---|---|
| 005 | 20230711085616.0 | ||
| 008 | 180315b2016 xxu||||| |||| 00| 0 spa d | ||
| 020 | _a9786076226599 | ||
| 041 | _aESP | ||
| 082 | _a005.133 L864c | ||
| 100 |
_aLópez Takeyas, Bruno _982301 |
||
| 245 | _aCurso de programación orientada a objetos en C#.NET | ||
| 260 | _aMéxico | ||
| 260 | _bAlfaomega | ||
| 260 | _c2016 | ||
| 300 | _a440 páginas | ||
| 650 |
_aPROGRAMACIÓN DE OBJETOS _982302 |
||
| 650 |
_aC#.NET _982303 |
||
| 650 |
_aCLASES _982304 |
||
| 650 |
_aHERENCIA _982305 |
||
| 650 |
_aPOLIMORFISMO _982306 |
||
| 650 |
_aARCHIVOS _982307 |
||
| 942 | _cBK | ||
| 999 |
_c10463 _d10463 |
||